Límites a la reelección y representación legislativa /

Guardat en:
Dades bibliogràfiques
Autor principal: Carey, John M. (autor)
Altres autors: Lehoucq, Fabrice (prólogo) (prólogo)
Format: Llibre
Idioma:espanyol
Publicat: México : CIDE, 2006, c2006
Matèries:
Etiquetes: Afegir etiqueta
Sense etiquetes, Sigues el primer a etiquetar aquest registre!

MARC

LEADER 00000nam^a2200000^a^4500
001 000276312
005 20250521000000.0
009 20260310111258.22
037 |a Acervo ITESO - Biblioteca 
041 |a ESP 
082 |a 328. 330980  |b CAR 
100 |a Carey, John M.  |e (autor) 
245 1 0 |a Límites a la reelección y representación legislativa /  |c J.M. Carey ; pról. de F. Lehoucq ; tr. por Roberto Valladares. 
264 4 |a México :  |b CIDE,  |c 2006, c2006 
300 |a 367 p. 
336 |a texto  |b txt  |2 rdacontenido 
337 |a sin mediación  |b n  |2 rdamedio 
338 |a volumen  |b nc  |2 rdasoporte 
649 |a XX 
650 |a Legisladores -  |z EUA -  |x Condiciones Jurídicas -  |x Tema Principal 
650 |a Legisladores -  |z Latinoamérica -  |x Condiciones Jurídicas -  |x Tema Principal 
650 |a Políticos -  |z EUA -  |x Condiciones Jurídicas 
650 |a Políticos -  |z Latinoamérica -  |x Condiciones Jurídicas 
650 |a Reelección Política -  |x Tema Principal 
650 |a Reforma Electoral 
650 |a Elecciones 
650 |a Proceso Político 
650 |a Sistema Político 
650 |a Política -  |z EUA 
650 |a Política -  |z Latinoamérica 
700 |a Lehoucq, Fabrice  |e (prólogo) 
910 |a Fondo General 
920 |a Impresos - Libros 
930 |a Colección General 
905 |a 101 
901 |a 0500161072  |b IT1  |c ACC  |u 20250521 
902 |a https://opac.biblio.iteso.mx/vufind/Record/000276312